|
|
|
|
| LEADER |
00652nab a2200181 i 4500 |
| 001 |
acta28065 |
| 005 |
20210222150247.0 |
| 008 |
161017s1995 hu o 0|| hun d |
| 022 |
|
|
|a 1219-0608
|
| 040 |
|
|
|a SZTE Egyetemi Kiadványok Repozitórium
|b hun
|
| 041 |
|
|
|a hun
|
| 100 |
1 |
|
|a Gavallér Andrea
|
| 245 |
1 |
0 |
|a Tanár-diák kapcsolat értékszempontú vizsgálata tanárjelöltek körében
|h [elektronikus dokumentum] /
|c Gavallér Andrea
|
| 260 |
|
|
|c 1995
|
| 300 |
|
|
|a 200-208
|
| 490 |
0 |
|
|a Módszertani közlemények
|v 35 No. 5
|
| 695 |
|
|
|a Neveléstudomány
|
| 856 |
4 |
0 |
|u http://acta.bibl.u-szeged.hu/28065/1/modszertani_035_005_200-208.pdf
|z Dokumentum-elérés
|